Tribhuvan University Central Library

किसानकाे गति : (Record no. 122701)

MARC details
000 -LEADER
fixed length control field 00760nam a22001937a 4500
005 - DATE AND TIME OF LATEST TRANSACTION
control field 20250526153626.0
008 - FIXED-LENGTH DATA ELEMENTS--GENERAL INFORMATION
fixed length control field 250526b |||||||| |||| 00| 0 eng d
020 ## - INTERNATIONAL STANDARD BOOK NUMBER
International Standard Book Number 9789994678365
082 ## - DEWEY DECIMAL CLASSIFICATION NUMBER
Edition number 23rd.
Classification number N891.4951
Item number H675k
100 1# - MAIN ENTRY--PERSONAL NAME
Personal name हुमागाईँ, जनकप्रसाद
241 ## - ROMANIZED TITLE (BK AM CF MP MU VM)
Romanized title Kisanko gati : khandkavya / Janak Prasad Humagain.
245 ## - TITLE STATEMENT
Title किसानकाे गति :
Remainder of title खण्डकाव्य /
Statement of responsibility, etc. जनकप्रसाद हुमागाईँ.
250 ## - EDITION STATEMENT
Edition statement 3rd ed.
260 ## - PUBLICATION, DISTRIBUTION, ETC.
Place of publication, distribution, etc. काभ्रे :
Name of publisher, distributor, etc. जनमत प्रकाशन,
Date of publication, distribution, etc. २०६३वि.
300 ## - PHYSICAL DESCRIPTION
Extent 24p.
650 ## - SUBJECT ADDED ENTRY--TOPICAL TERM
Topical term or geographic name entry element नेपाली कविता
650 ## - SUBJECT ADDED ENTRY--TOPICAL TERM
Topical term or geographic name entry element नेपाली साहित्य
942 ## - ADDED ENTRY ELEMENTS (KOHA)
Source of classification or shelving scheme Dewey Decimal Classification
Koha item type ISBN
Holdings
Withdrawn status Lost status Source of classification or shelving scheme Damaged status Not for loan Home library Current library Date acquired Total Checkouts Full call number Barcode Date last seen Price effective from Koha item type
    Dewey Decimal Classification     Tribhuvan University Central Library Tribhuvan University Central Library 05/26/2025   N891.4951 H675k IS6403 05/26/2025 05/26/2025 ISBN